00939nam a2200205 4500001000700000003000900007005001700016007000300033008004100036110004400077245023500121250001200356260006500368300002200433700003800455710006800493852003200561999001900593952012100612110268ES-MaACL20250811072551.0t|061121s1983 sp r ||||1| spa d1 aEspaña. bMinisterio de Trabajo9392410aOrdenanza de trabajo para la industria siderometalúrgica / c[publicado por] Instituto de Estudios Laborales y de la Seguridad Social ; texto anotado y concordado con el Estatuto de los Trabajadores por Alejandro Mulas García. a2ª ed. aMadrid : bMinisterio de Trabajo y Seguridad Social, c1983. a319 p. ; c18 cm.1 aMulas García, Alejandro.9840962 aInstituto de Estudios Laborales y de la Seguridad Social.94915 aES-MaACLjL-7539 bR.107392 c110268d110268 00104070aATENEOMbATENEOMcDEPO2d2008-01-17eSCl0oL-7539p1115041r2023-02-23 00:00:00w2023-02-23yMONOGRAFIA